Три листки за вікном (Запис № 579982)

МАРК-запис
000 -Лідер
fixed length control field 00766 a2200193 4500
003 - Ідентифікатор контрольного номера
control field UA-OsUOA
005 - Дата та час останнього входження (трансакції)
control field 20260305111549.0
008 - Елементи даних фіксованої довжини – загальна інформація
fixed length control field 260305b un ||||| |||| 00| 0 ukr d
040 ## - Джерело каталогізації
Мова каталогізації ukr
Агенція, яка здійснювала перезапис UA-OsUOA
080 ## - Індекс Універсальної десяткової класифікації
Індекс Універсальної десяткової класифікації (УДК) (НП) 821.161.2-31
090 ## - Локальний шифр розміщення
Класифікаційний індекс УДК 821.161.2-31
Авторський знак (НП) Ш37
100 ## - Основне введення – ім’я особи
Ім’я особи (НП) Шевчук В.
9 (RLIN) 2329
245 ## - Відомості про назву
Назва (НП) Три листки за вікном
Решта назви (НП) роман-триптих
Дані про відповідальність (НП) Валерій Шевчук ; передм. М. Жулинського
260 ## - Публікація, розповсюдження і т.п. (Вихідні дані)
Місце публікації, розповсюдження і т.п. (П) К.
Ім’я/ наймення видавництва, розповсюджувача і т.п. (П) Радянський письменник
Дата публікації, розповсюдження і т.п. (П) 1986
650 ## - Додаткове предметне введення – тематичний термін
Тематичний термін чи географічна назва, як елемент введення (НП) 821.161.2 Українська література
9 (RLIN) 41
942 ## - Додаткові елементи входу (Коха)
Тип елемента Koha Книги
Source of classification or shelving scheme Universal Decimal Classification
955 ## - Код типу видання за змістом
Код типу видання за змістом (НП) Літературно-художні видання
Фонди
Стан вилучень Стан втрат Джерело класифікації або схеми стелажів Стан уражень Не для кредиту Код колекції Постійне місце розташування Поточне розміщення Дата придбання Джерело придбання Вартість, звичайна ціна покупки Усього замовленно Повний номер виклику Штрих-код Дата останнього перегляду Вартість, ціна заміни Ціна ефективна від Тип елемента Koha
    Universal Decimal Classification     Колекція Шевчука Валерія АБ - Абонемент НБ АБ - Абонемент НБ 05/03/2026 08/02.03.2026 50.00   821.161.2-31 Ш37 169464 05/03/2026 50.00 05/03/2026 Книги